Southville International School and Colleges
Your cart is empty.
  • Cart
  • Lists
    Public lists Eva Luna New books Lux_list list_1
    Your lists Log in to create your own lists
  • Log in to your account
  • Your cookies
  • Search history
Southville International School and Colleges
  • Advanced search
  • Recent comments
  • Most popular
  • Libraries

Log in to your account

Log in with GOOGLE


If you do not have an external account, but do have a local account, you can still log in:

  1. Home
  2. MARC view: A hat full of sky /
Normal view MARC view ISBD view

A hat full of sky / (Record no. 110652)

[ view plain ]
MARC details
000 -LEADER
fixed length control field 00817nam a2200241 a 4500
001 - CONTROL NUMBER
control field 4129
003 - CONTROL NUMBER IDENTIFIER
control field MO
005 - DATE AND TIME OF LATEST TRANSACTION
control field 20170315104105.0
008 - FIXED-LENGTH DATA ELEMENTS--GENERAL INFORMATION
fixed length control field 090210s19uu xx 00 eng d
020 ## - INTERNATIONAL STANDARD BOOK NUMBER
International Standard Book Number 0-06-058660-5
050 ## - LIBRARY OF CONGRESS CALL NUMBER
Classification number TR
Item number P88 2004
100 ## - MAIN ENTRY--PERSONAL NAME
Personal name Pratchett, Terry
245 ## - TITLE STATEMENT
Title A hat full of sky /
Statement of responsibility, etc by Terry Pratchett.
250 ## - EDITION STATEMENT
Edition statement 1st ed.
260 ## - PUBLICATION, DISTRIBUTION, ETC. (IMPRINT)
Place of publication, distribution, etc New York :
Name of publisher, distributor, etc Harper Collins,
Date of publication, distribution, etc c2004.
300 ## - PHYSICAL DESCRIPTION
Extent 278 p. cm.
520 ## - SUMMARY, ETC.
Summary, etc Tiffany Aching, a young witch in training, learns about magic and responsibility as she battles a disembodied monster with the assistance of the six-inch-high Wee free men and mistress Weatherwax, the greatest witch in the world
650 ## - SUBJECT ADDED ENTRY--TOPICAL TERM
Topical term or geographic name as entry element Witches
General subdivision Fiction.
650 ## - SUBJECT ADDED ENTRY--TOPICAL TERM
Topical term or geographic name as entry element Fairies
General subdivision Fiction.
650 ## - SUBJECT ADDED ENTRY--TOPICAL TERM
Topical term or geographic name as entry element Monsters
General subdivision Fiction.
942 ## - ADDED ENTRY ELEMENTS (KOHA)
Source of classification or shelving scheme Dewey Decimal Classification
Koha item type Books
Holdings
Withdrawn status Lost status Source of classification or shelving scheme Damaged status Home library Current library Shelving location Date acquired Source of acquisition Total Checkouts Full call number Barcode Date last seen Price effective from Koha item type
    Dewey Decimal Classification   Munich Library Munich Library Teachers Reference Section 02/10/2009 Library Fund   TR P88 2004 M1113 04/14/2014 04/14/2014 Books

A hat full of sky /

APA

Pratchett T., . (2004). A hat full of sky. New York: Harper Collins.

Chicago

Pratchett Terry, . 2004. A hat full of sky. New York: Harper Collins.

Harvard

Pratchett T., . (2004). A hat full of sky. New York: Harper Collins.

MLA

Pratchett Terry, . A hat full of sky. New York: Harper Collins. 2004.

  • Place hold
  • Print
  • Cite
  • Add to your cart (remove)
  • Save record
    BIBTEX Dublin Core MARCXML MARC (non-Unicode/MARC-8) MARC (Unicode/UTF-8) MARC (Unicode/UTF-8, Standard) MODS (XML) RIS
  • More searches
    Search for this title in:
    Other Libraries (WorldCat) Other Databases (Google Scholar) Online Stores (Bookfinder.com) Open Library (openlibrary.org)

Exporting to Dublin Core...

SOUTHVILLE LIBRARY

Southville International School and Colleges Library

1281 Tropical Ave. Cor. Luxembourg St., BF Homes International, Las Pinas City

Tel. No. 8256374 / 252358 Loc. 117/146

Powered by Koha